00325nam a2200097Ia 4500008004100000100001700041245003200058260005100090650002500141856006100166160909s9999 xx 000 0 und d aKabre, Nihal aSkincare dermatology clinic bCalifornia State University, Long Beach.c2016 aFINANCIAL MANAGEMENT uhttp://pqdtopen.proquest.com/doc/1802295364.html?FMT=ABS